00660cam a22002411 4500001001300000003000400013005001700017008004100034010001700075025001500092035002000107040002100127050001900148100003800167240002100205245001200226260001400238300003600252500001500288650004300303700005500346999001700401sa 67005760 DLC20260227112400.0940930m19611962ii ch 000 0 nepo  asa 67005760  aPL480:N-72 a(OCoLC)31205842 aDLCcCUdCUdDLC00aPR2796.N42bO81 aShakespeare, William,d1564-1616.10aOthello.lNepali10aOthelo. c[1961/62] a167 p.bfacsim., ports.c19 cm. aIn Nepali. 0aOthello (Fictitious character)vDrama.1 aRānā, Pushkara Śamśera Janġa Bahādura. c75429d75429